[Event "Kreis-Mitte-EM"]
[Site "Zirndorf"]
[Date "2012.01.08"]
[Round "7.1"]
[White "Rausch, Wolfgang jr"]
[Black "Erlbeck, Peter"]
[Result "1-0"]
[WhiteElo "2005"]
[BlackElo "2025"]
[PlyCount "43"]
[EventDate "2012.??.??"]
[WhiteTeam "SC N-T Nürnberg"]
[BlackTeam "SW Nürnberg Süd"]

1. d4 f5 2. Nc3 Nf6 3. Bg5 d5 4. Bxf6 exf6 5. e3 Be6 6. Qf3 Qd7 7. h4 Nc6 8. h5
O-O-O 9. Nge2 Kb8 10. g3 Bb4 11. a3 Ba5 12. Rb1 Rhe8 13. b4 Bb6 14. Kd1 Ne5 15.
Qg2 Nc4 16. Rb3 a5 17. Nf4 Nxa3 18. bxa5 Bxa5 19. Rxa3 b6 20. Qf3 Qd6 21. Rb3
Bf7 22. Qe2 1-0

[Event "Kreis-Mitte-EM"]
[Site "Zirndorf"]
[Date "2012.01.08"]
[Round "7.3"]
[White "Saathoff, Richard"]
[Black "Siegl, Melina"]
[Result "1-0"]
[WhiteElo "2109"]
[BlackElo "1692"]
[PlyCount "33"]
[EventDate "2012.??.??"]
[WhiteTeam "SW Nürnberg Süd"]
[BlackTeam "SW Nürnberg Süd"]

1. e4 c5 2. Nf3 b6 3. d4 cxd4 4. Nxd4 Bb7 5. Bd3 e6 6. O-O d5 7. Bb5+ Nd7 8.
exd5 Bxd5 9. Nc3 Bb7 10. Nxe6 fxe6 11. Qh5+ Ke7 12. Bg5+ Ngf6 13. Rad1 Bc8 14.
Rfe1 g6 15. Qf3 Bg7 16. Qxa8 Qc7 17. Nd5+ 1-0

[Event "Kreis-Mitte-EM"]
[Site "Zirndorf"]
[Date "2012.01.08"]
[Round "7.4"]
[White "Diehl, Achim"]
[Black "Meulner, Fabian"]
[Result "1-0"]
[WhiteElo "1959"]
[BlackElo "1675"]
[PlyCount "85"]
[EventDate "2012.??.??"]
[WhiteTeam "SW Nürnberg Süd"]
[BlackTeam "SW Nürnberg Süd"]

1. e4 d5 2. exd5 Nf6 3. d4 Bg4 4. f3 Bf5 5. c4 e6 6. Qa4+ c6 7. dxe6 Qxd4 8.
Ne2 Qb6 9. exf7+ Kxf7 10. Qb3 Bc5 11. Qxb6 Bxb6 12. Nbc3 Re8 13. Bd2 Na6 14.
Na4 Bd3 15. Nxb6 axb6 16. Kf2 Bxc4 17. b3 Bd3 18. Nc3 Bxf1 19. Rhxf1 Nc5 20.
Rfd1 Rad8 21. Bg5 h6 22. Bxf6 Kxf6 23. Rxd8 Rxd8 24. Rd1 Rxd1 25. Nxd1 Ke5 26.
Ke3 Na6 27. Nb2 b5 28. Nd3+ Kd5 29. h4 Nc7 30. g4 c5 31. Nf2 b4 32. f4 Nb5 33.
Kd3 Na3 34. g5 h5 35. Nd1 b5 36. Ne3+ Ke6 37. Ke4 c4 38. f5+ Kf7 39. g6+ Ke8
40. Nd5 c3 41. Kd3 Nc4 42. bxc4 bxc4+ 43. Kc2 1-0

[Event "Kreis-Mitte-EM"]
[Site "Zirndorf"]
[Date "2012.01.08"]
[Round "7.5"]
[White "Bolten, Daniel"]
[Black "Babichev, Vyacheslav"]
[Result "1-0"]
[WhiteElo "1889"]
[BlackElo "1689"]
[PlyCount "89"]
[EventDate "2012.??.??"]
[WhiteTeam "SW Nürnberg Süd"]
[BlackTeam "SW Nürnberg Süd"]

1. c4 c5 2. Nc3 Nf6 3. g3 Nc6 4. Bg2 e6 5. e4 Be7 6. Nge2 O-O 7. d4 Rb8 8. d5
exd5 9. cxd5 Nd4 10. Nxd4 cxd4 11. Qxd4 d6 12. Qxa7 Nd7 13. Be3 b6 14. O-O Rb7
15. Qa3 Ne5 16. Qb4 Nd3 17. Qb5 Nc5 18. b4 Nd7 19. Bd4 Ra7 20. Qe2 Ne5 21. h3
Bf6 22. Rfd1 Ra3 23. f4 Ng6 24. Qb2 Bxd4+ 25. Rxd4 Ra7 26. Nb5 Re7 27. Na3 h5
28. Nc4 h4 29. f5 Ne5 30. Nxe5 Rxe5 31. Rd3 Rfe8 32. b5 Qg5 33. Qf2 hxg3 34.
Rxg3 Qf6 35. Rc1 Qh6 36. Rf1 Qf6 37. Qxb6 R5e7 38. Qf2 Rb7 39. a4 Qd8 40. f6 g6
41. Rxg6+ fxg6 42. f7+ Kf8 43. fxe8=Q+ Kxe8 44. Qf8+ Kd7 45. Rf7+ 1-0

[Event "Kreis-Mitte-EM"]
[Site "Zirndorf"]
[Date "2012.01.08"]
[Round "7.6"]
[White "Leis, Stefan"]
[Black "Wagner, Hans"]
[Result "0-1"]
[WhiteElo "1873"]
[BlackElo "2096"]
[PlyCount "92"]
[EventDate "2012.??.??"]
[WhiteTeam "SC Mühlhof-R'dorf"]
[BlackTeam "SC Stein"]

1. Nf3 Nf6 2. g3 d5 3. c4 g6 4. Bg2 Bg7 5. O-O O-O 6. Nc3 d4 7. Nb5 c5 8. d3
Nc6 9. Rb1 h6 10. Na3 Bf5 11. Nc2 a5 12. a3 Qd6 13. b4 Nd7 14. Nh4 Bg4 15. bxa5
g5 16. Nf3 Nxa5 17. Na1 e5 18. Nd2 Qc7 19. Nab3 Nc6 20. Bf3 Bxf3 21. exf3 Ne7
22. Re1 Ng6 23. Nf1 Ra6 24. Nbd2 f5 25. Qb3 b6 26. Qb5 Ra5 27. Qb3 Qc6 28. Qc2
Bf6 29. Qd1 Kg7 30. Nb3 Raa8 31. Nbd2 h5 32. Rb5 Rae8 33. a4 Bd8 34. Qe2 g4 35.
Bb2 Bc7 36. Bc1 Ra8 37. fxg4 hxg4 38. f3 Nf6 39. fxg4 Nxg4 40. h3 Nf6 41. Nh2
e4 42. dxe4 Bxg3 43. e5 Nxe5 44. Rf1 d3 45. Qd1 Bxh2+ 46. Kxh2 Qd6 0-1

[Event "Kreis-Mitte-EM"]
[Site "Zirndorf"]
[Date "2012.01.08"]
[Round "7.7"]
[White "Thürauf, Peter"]
[Black "Schlötterer, Hermann"]
[Result "1-0"]
[WhiteElo "1826"]
[BlackElo "1795"]
[PlyCount "131"]
[EventDate "2012.??.??"]
[WhiteTeam "SW Nürnberg Süd"]
[BlackTeam "SC N-T Nürnberg"]

1. Nf3 Nf6 2. g3 g6 3. Bg2 Bg7 4. O-O O-O 5. d3 d6 6. e4 e5 7. h3 h6 8. Be3 Nc6
9. Qd2 Kh7 10. Nc3 Ne8 11. d4 exd4 12. Nxd4 Ne5 13. Qe2 c5 14. Nb3 Be6 15. f4
Bc4 16. Qf2 Bxf1 17. Rxf1 Nc4 18. Bc1 Rb8 19. Rd1 Qc8 20. Qe2 Qe6 21. e5 b5 22.
Nxb5 Rxb5 23. Bd5 Qxh3 24. Qxc4 Qxg3+ 25. Bg2 Rb4 26. Qe2 dxe5 27. Rd3 Qg4 28.
Rh3 Qd7 29. a3 Rb8 30. fxe5 Nf6 31. Nd2 Qe6 32. Nf3 Nh5 33. Qe4 f5 34. exf6
Qxe4 35. Ng5+ hxg5 36. Bxe4 Bxf6 37. Rxh5+ Kg7 38. Rh3 Bd4+ 39. Kg2 Rf2+ 40.
Kg3 Rf1 41. Bxg5 Rg1+ 42. Bg2 Bxb2 43. Bh6+ Kg8 44. Kh2 Ra1 45. Bd5+ Kh7 46.
Bf4+ Kg7 47. Bxb8 Rxa3 48. Rxa3 Bxa3 49. Bxa7 Bb4 50. Kg3 Kf6 51. Bb8 Kf5 52.
Kf3 Bc3 53. Bg3 g5 54. Be4+ Ke6 55. Bf2 Kd6 56. Be3 Bf6 57. Kg4 Ke5 58. Bf5 Kd5
59. Bxg5 Bd4 60. Kf3 Be5 61. Be3 Bc3 62. Bh7 Bg7 63. Bg8+ Kd6 64. Ke4 Bh8 65.
Bf4+ Kc6 66. Be5 1-0

[Event "Kreis-Mitte-EM"]
[Site "Zirndorf"]
[Date "2012.01.08"]
[Round "7.8"]
[White "Berg, Winfried"]
[Black "Nüßlein, Christian"]
[Result "1-0"]
[WhiteElo "1596"]
[BlackElo "1608"]
[PlyCount "47"]
[EventDate "2012.??.??"]
[WhiteTeam "SW Nürnberg Süd"]
[BlackTeam "SG Nürnberg 1978"]

1. c4 Nf6 2. g3 g6 3. Bg2 Bg7 4. Nc3 O-O 5. e4 d6 6. Nge2 e5 7. O-O Nc6 8. d3
Ne7 9. h3 c6 10. f4 exf4 11. Nxf4 Bd7 12. d4 h6 13. Be3 Re8 14. Qd2 Kh7 15. Qf2
b5 16. cxb5 cxb5 17. e5 dxe5 18. dxe5 Nfg8 19. Bxa8 Qxa8 20. Rad1 Bc6 21. e6
Nf5 22. g4 Nxe3 23. Qxe3 g5 24. Qd3+ 1-0

[Event "Kreis-Mitte-EM"]
[Site "Zirndorf"]
[Date "2012.01.08"]
[Round "7.9"]
[White "Münzenberg, Dietrich"]
[Black "Schanz, Karlheinz"]
[Result "0-1"]
[WhiteElo "1596"]
[BlackElo "1782"]
[PlyCount "55"]
[EventDate "2012.??.??"]
[WhiteTeam "Zabo-Eintracht N."]
[BlackTeam "SC Mühlhof-R'dorf"]

1. d4 Nf6 2. Bg5 c5 3. d5 Qb6 4. Nc3 Qxb2 5. Bd2 Qb6 6. e4 e5 7. f4 d6 8. Nf3
Nbd7 9. Rb1 Qd8 10. Bb5 a6 11. Be2 b5 12. O-O b4 13. Na4 Nxe4 14. Bd3 Nxd2 15.
Nxd2 Be7 16. c3 bxc3 17. Nxc3 O-O 18. Qh5 g6 19. Qh6 exf4 20. Qxf4 Ne5 21. Bc2
Bg5 22. Qf2 Ng4 23. Qe2 Re8 24. Qf3 Ne5 25. Qf2 f5 26. h3 Qa5 27. Nd1 Qxd2 28.
Qxd2 0-1

[Event "Kreis-Mitte-EM"]
[Site "Zirndorf"]
[Date "2012.01.08"]
[Round "7.10"]
[White "Dietrich, Thomas"]
[Black "Walch, Roger"]
[Result "0-1"]
[WhiteElo "1524"]
[BlackElo "1652"]
[PlyCount "50"]
[EventDate "2012.??.??"]
[WhiteTeam "SC Anderssen Nbg."]
[BlackTeam "SW Nürnberg Süd"]

1. e4 e6 2. d4 d5 3. exd5 exd5 4. c4 c6 5. Nc3 Be6 6. Qb3 Qe7 7. Be3 g6 8. cxd5
cxd5 9. Nxd5 Bxd5 10. Qxd5 Nc6 11. Bb5 Rc8 12. Rc1 Nf6 13. Qf3 Bg7 14. Bxc6+
bxc6 15. Rxc6 O-O 16. a3 Ne4 17. Rxc8 Rxc8 18. Qe2 Qc7 19. Nh3 Qa5+ 20. Kf1
Bxd4 21. Qg4 f5 22. Qd1 Qb5+ 23. Kg1 Qxb2 24. Ng5 Nxf2 25. Qxd4 Rc1+ 0-1

[Event "Kreis-Mitte-EM"]
[Site "Zirndorf"]
[Date "2012.01.08"]
[Round "7.11"]
[White "Berntgen, Henri"]
[Black "Ehmer, Marty"]
[Result "1/2-1/2"]
[WhiteElo "1451"]
[BlackElo "1502"]
[PlyCount "37"]
[EventDate "2012.??.??"]
[WhiteTeam "SW Nürnberg Süd"]
[BlackTeam "SW Nürnberg Süd"]

1. e4 e6 2. d4 d5 3. exd5 exd5 4. Bd3 Nc6 5. Nf3 Bg4 6. c3 Nf6 7. O-O Qd7 8. h3
Bh5 9. Bf4 O-O-O 10. Nbd2 Bd6 11. Qc2 Bg6 12. Bxd6 Qxd6 13. b4 Rhe8 14. Rfe1 a6
15. a4 Rxe1+ 16. Rxe1 Re8 17. Rxe8+ Nxe8 18. Nb3 Ne7 19. Ne5 1/2-1/2

[Event "Kreis-Mitte-EM"]
[Site "Zirndorf"]
[Date "2012.01.08"]
[Round "7.12"]
[White "Weißmann, Peter"]
[Black "Thoma, Dirk"]
[Result "1-0"]
[WhiteElo "1762"]
[BlackElo "1468"]
[PlyCount "75"]
[EventDate "2012.??.??"]
[WhiteTeam "SK Zirndorf"]
[BlackTeam "SC N-T Nürnberg"]

1. e4 c5 2. Nf3 e6 3. d4 cxd4 4. Nxd4 Nf6 5. Bd3 a6 6. c4 Nc6 7. Nxc6 bxc6 8.
O-O d5 9. Qa4 Bd7 10. Qc2 Nxe4 11. Bxe4 dxe4 12. Qxe4 Be7 13. Bd2 O-O 14. Bc3
f5 15. Qe5 Bf6 16. Qd6 Bxc3 17. Nxc3 Ra7 18. Rad1 Qc7 19. Na4 Qxd6 20. Rxd6 Rc7
21. Nc5 Bc8 22. Nxe6 Bxe6 23. Rxe6 Rf6 24. Rxf6 gxf6 25. Rd1 Re7 26. Kf1 Re6
27. c5 Re5 28. b4 Re4 29. Rd6 Rxb4 30. Rxc6 Rb1+ 31. Ke2 Rb2+ 32. Ke3 Rxa2 33.
Rxf6 a5 34. Rxf5 a4 35. Kd3 Rb2 36. c6 Rb8 37. c7 Rc8 38. Rc5 1-0

[Event "Kreis-Mitte-EM"]
[Site "Zirndorf"]
[Date "2012.01.08"]
[Round "7.13"]
[White "Berntgen, Michael"]
[Black "Röckl, Adelbert"]
[Result "1/2-1/2"]
[WhiteElo "1502"]
[BlackElo "1548"]
[PlyCount "52"]
[EventDate "2012.??.??"]
[WhiteTeam "SW Nürnberg Süd"]
[BlackTeam "Zabo-Eintracht N."]

1. e4 e6 2. d4 d5 3. exd5 exd5 4. Nf3 Bd6 5. c4 c6 6. Nc3 Nf6 7. Bg5 Be6 8.
cxd5 cxd5 9. Bb5+ Nc6 10. O-O O-O 11. Re1 a6 12. Ba4 Be7 13. Rc1 h6 14. Bh4 Nh7
15. Bxe7 Nxe7 16. Ne5 b5 17. Bc2 Nf6 18. Ne2 Bf5 19. Nc6 Bxc2 20. Qxc2 Nxc6 21.
Qxc6 Re8 22. Qc2 Rc8 23. Qd3 Rxc1 24. Rxc1 Qe7 25. Rc2 Qd6 26. h3 Qe6 1/2-1/2

[Event "Kreis-Mitte-EM"]
[Site "Zirndorf"]
[Date "2012.01.08"]
[Round "7.14"]
[White "Semenova, Alisa"]
[Black "Siegl, Adrian"]
[Result "0-1"]
[WhiteElo "1310"]
[BlackElo "1476"]
[PlyCount "76"]
[EventDate "2012.??.??"]
[WhiteTeam "SC N-T Nürnberg"]
[BlackTeam "SW Nürnberg Süd"]

1. e4 c5 2. Nf3 Nc6 3. d4 cxd4 4. Nxd4 Nf6 5. Nc3 e5 6. Nf3 Bb4 7. Bc4 O-O 8.
Bg5 h6 9. Bxf6 Qxf6 10. Qd3 Nd4 11. O-O-O Nxf3 12. gxf3 Bxc3 13. Qxc3 d6 14.
Qe3 Be6 15. Bxe6 Qxe6 16. Rhg1 Kh7 17. Kb1 Rfd8 18. Rg3 d5 19. Rdg1 g6 20. c3
d4 21. cxd4 Rxd4 22. f4 Qc6 23. f5 Rxe4 24. fxg6+ fxg6 25. Qd3 Rg8 26. Rc1
Qxc1+ 27. Kxc1 Rc8+ 28. Kd2 Rd4 29. Qxd4 exd4 30. Kd3 Rf8 31. Rg2 Rf4 32. b4 b5
33. h3 g5 34. Rh2 Kg6 35. Ke2 d3+ 36. Kxd3 Rxb4 37. f3 Kf5 38. Ke3 Ra4 0-1

[Event "Kreis-Mitte-EM"]
[Site "Zirndorf"]
[Date "2012.01.08"]
[Round "7.15"]
[White "Hansen, Roland"]
[Black "Schilay, Lorenz"]
[Result "1-0"]
[WhiteElo "1502"]
[BlackElo "1413"]
[PlyCount "75"]
[EventDate "2012.??.??"]
[WhiteTeam "SK Schwabach 07"]
[BlackTeam "SK Neumarkt"]

1. d4 d5 2. c4 c6 3. Nf3 Nf6 4. Nc3 e6 5. Bg5 Be7 6. e3 Nbd7 7. cxd5 cxd5 8.
Rc1 b6 9. Bd3 Bb7 10. Qc2 h6 11. Bf4 Rc8 12. h3 a6 13. O-O b5 14. Qe2 O-O 15.
Rc2 Nb6 16. e4 dxe4 17. Nxe4 Nxe4 18. Bxe4 Bxe4 19. Qxe4 Rxc2 20. Qxc2 Qd5 21.
Qc7 Nc8 22. b3 Bf6 23. Rc1 Bxd4 24. Nxd4 Qxd4 25. Be3 Qb2 26. Rc2 Qf6 27. Rd2
Qe7 28. Rd7 Qf6 29. Bc5 Re8 30. Bd4 Qg6 31. Rd8 Rxd8 32. Qxd8+ Kh7 33. Qxc8
Qb1+ 34. Kh2 Qxa2 35. Qc3 g6 36. Qf3 Kg8 37. Qa8+ Kh7 38. Qh8# 1-0

[Event "Kreis-Mitte-EM"]
[Site "Zirndorf"]
[Date "2012.01.08"]
[Round "7.16"]
[White "Ratscheu, Stefan"]
[Black "Schilay, Eva"]
[Result "1-0"]
[WhiteElo "1459"]
[BlackElo "1100"]
[PlyCount "75"]
[EventDate "2012.??.??"]
[WhiteTeam "SC Postbauer-Heng"]
[BlackTeam "SK Neumarkt"]

1. e4 e5 2. Nf3 Nc6 3. d4 exd4 4. Nxd4 Nf6 5. Nc3 Bc5 6. Be3 d6 7. Bb5 Bd7 8.
Nxc6 Bxc6 9. Bxc6+ bxc6 10. Bxc5 dxc5 11. Qxd8+ Rxd8 12. O-O O-O 13. f3 Rd2 14.
Rac1 Rfd8 15. Rcd1 Kf8 16. Rfe1 Ke8 17. Rxd2 Rxd2 18. Re2 Rd6 19. e5 Rd4 20.
exf6+ Kf8 21. Re8+ Kxe8 22. fxg7 Rd2 23. g8=Q+ Ke7 24. Qg5+ Kf8 25. Qxd2 a6 26.
h4 Ke7 27. Ne4 Ke6 28. Nxc5+ Ke7 29. Qd7+ Kf6 30. g4 Kg7 31. Ne6+ Kg6 32. h5+
Kf6 33. g5+ Kf5 34. Nd4+ Kxg5 35. Qf5+ Kh6 36. Ne2 a5 37. Nf4 a4 38. Qf6# 1-0

[Event "Kreis-Mitte-EM"]
[Site "Zirndorf"]
[Date "2012.01.08"]
[Round "7.18"]
[White "Dreiseitel, Werner"]
[Black "Schilay, Erich"]
[Result "1-0"]
[WhiteElo "1494"]
[BlackElo "799"]
[PlyCount "87"]
[EventDate "2012.??.??"]
[WhiteTeam "SC N-T Nürnberg"]
[BlackTeam "SK Neumarkt"]

1. d4 d5 2. c4 dxc4 3. Nc3 Nf6 4. Nf3 h6 5. e3 Nbd7 6. Bxc4 Nb6 7. Bd3 g6 8.
Qc2 Bg7 9. Ne5 Nfd5 10. Bb5+ c6 11. Nxc6 bxc6 12. Bxc6+ Bd7 13. Bxd5 Nxd5 14.
Nxd5 O-O 15. Nc3 g5 16. O-O Rc8 17. Bd2 a6 18. Rfc1 Bb5 19. Qd1 Bd7 20. Ne4 Bc6
21. Ng3 Ba8 22. Rxc8 Qxc8 23. Rc1 Qb7 24. f3 Rc8 25. Rxc8+ Qxc8 26. Qc1 Qb7 27.
a3 g4 28. Qd1 Qxb2 29. Qc1 Qb7 30. Ne4 gxf3 31. gxf3 f5 32. Ng3 Qxf3 33. Qf1
Qd5 34. Bb4 e6 35. Qf2 Kh7 36. Kf1 Qc4+ 37. Qe2 Qc6 38. Qf2 Qb5+ 39. Qe2 Qc6
40. Ke1 Qc1+ 41. Kf2 Qc6 42. Bc5 Qg2+ 43. Ke1 Qxh2 44. Qxh2 1-0